Từ điển thành ngữ tục ngữ ca dao Việt Nam : Quyển thượng
Spremljeno u:
| Glavni autor: | |
|---|---|
| Format: | Knjiga |
| Jezik: | Undetermined |
| Izdano: |
Đồng Nai
Tổng hợp Đồng Nai
2004
|
| Teme: | |
| Oznake: |
Dodaj oznaku
Bez oznaka, Budi prvi tko označuje ovaj zapis!
|
| Thư viện lưu trữ: | Trung tâm Học liệu Trường Đại học Cần Thơ |
|---|
| LEADER | 00706nam a2200217Ia 4500 | ||
|---|---|---|---|
| 001 | CTU_64181 | ||
| 008 | 210402s9999 xx 000 0 und d | ||
| 020 | |b 129000 | ||
| 082 | |a 398.2049503 | ||
| 082 | |b V308 | ||
| 100 | |a Việt Chương | ||
| 245 | 0 | |a Từ điển thành ngữ tục ngữ ca dao Việt Nam : | |
| 245 | 0 | |b Quyển thượng | |
| 245 | 0 | |c Việt Chương | |
| 260 | |a Đồng Nai | ||
| 260 | |b Tổng hợp Đồng Nai | ||
| 260 | |c 2004 | ||
| 650 | |a Folk literature, Vietnamese,Vietnamese language,Văn học dân gian Việt Nam | ||
| 650 | |x Terms and phrases | ||
| 904 | |i Năm | ||
| 980 | |a Trung tâm Học liệu Trường Đại học Cần Thơ | ||